[Event "59581 I. Budapest Open"]
[Site "Budapest, Hungary"]
[Date "2011.08.20"]
[Round "1.1"]
[White "Koczo, Kristof"]
[Black "Zsembery, Aron"]
[Result "1-0"]
[WhiteElo "2242"]
[BlackElo "1856"]
[PlyCount "97"]
[EventDate "2011.??.??"]
1. d4 Nf6 2. c4 e6 3. Nf3 d5 4. Nc3 Be7 5. Bg5 O-O 6. e3 Nbd7 7. cxd5 Nxd5 8.
Bxe7 Qxe7 9. Be2 N7f6 10. O-O Bd7 11. Ne5 Rac8 12. Qb3 Nxc3 13. bxc3 b6 14. Ba6
Rb8 15. a4 Qd6 16. Qa3 Bc8 17. Be2 Bb7 18. a5 Rfd8 19. axb6 axb6 20. Qxd6 cxd6
21. Nc4 Rbc8 22. Rfc1 Nd5 23. Ra7 Bc6 24. Bf3 Bb5 25. Bxd5 Bxc4 26. Bxc4 Rxc4
27. Rb7 Rc6 28. Kf1 Kf8 29. Ra1 Rxc3 30. Raa7 f5 31. Rf7+ Kg8 32. Rxg7+ Kh8 33.
Rxh7+ Kg8 34. Rag7+ Kf8 35. Rb7 Kg8 36. Rhe7 Rc1+ 37. Ke2 f4 38. exf4 Rc2+ 39.
Kf3 Rd2 40. Ke3 Rd1 41. Rxb6 e5 42. fxe5 dxe5 43. dxe5 R1d3+ 44. Ke4 R3d4+ 45.
Kf5 Rh4 46. h3 Rf8+ 47. Rf6 Rh5+ 48. Kg6 Rh7 49. Rxf8+ 1-0

[Event "59581 I. Budapest Open"]
[Site "Budapest, Hungary"]
[Date "2011.08.20"]
[Round "1.2"]
[White "Szecsi, Peter"]
[Black "Teglas, Balazs"]
[Result "1-0"]
[WhiteElo "1842"]
[BlackElo "2207"]
[PlyCount "123"]
[EventDate "2011.??.??"]
1. e4 c5 2. Nc3 Nc6 3. g3 g6 4. Bg2 Bg7 5. d3 Rb8 6. a4 e6 7. f4 Nge7 8. Nf3 d6
9. O-O O-O 10. Be3 Nd4 11. Qd2 a6 12. Kh1 b5 13. axb5 axb5 14. Bxd4 cxd4 15.
Ne2 Qb6 16. Qb4 Nc6 17. Qd2 Bd7 18. Nh4 f5 19. Ra2 Ra8 20. Rfa1 Rxa2 21. Rxa2
Qc5 22. c3 Rc8 23. Ra1 fxe4 24. Bxe4 d5 25. Bg2 dxc3 26. bxc3 d4 27. Rc1 dxc3
28. Nxc3 Qb4 29. Ne4 Qxd2 30. Nxd2 Na5 31. Rxc8+ Bxc8 32. Nhf3 Bc3 33. Nb1 b4
34. Nfd2 Ba6 35. Be4 Bd4 36. Kg2 Nb7 37. Nb3 Bb2 38. Kf2 Nd6 39. Ke3 Nb5 40.
N1d2 Na3 41. g4 Kf7 42. f5 Nc2+ 43. Kf4 gxf5 44. gxf5 e5+ 45. Kg5 Ne3 46. h3
Bd4 47. Nxd4 exd4 48. Nb3 Nc2 49. Nc5 Bc8 50. Bd5+ Kf8 51. h4 Ne3 52. Be6 h6+
53. Kg6 b3 54. Nxb3 Bxe6 55. fxe6 Ke7 56. Nxd4 Ng2 57. h5 Nf4+ 58. Kxh6 Nxd3
59. Kg7 Nf4 60. h6 Nh5+ 61. Kg6 Nf4+ 62. Kf5 1-0

[Event "59581 I. Budapest Open"]
[Site "Budapest, Hungary"]
[Date "2011.08.20"]
[Round "1.3"]
[White "Mester, Attila"]
[Black "Szoukup, Istvan"]
[Result "1-0"]
[WhiteElo "2119"]
[BlackElo "1825"]
[PlyCount "71"]
[EventDate "2011.??.??"]
1. e4 e5 2. Nf3 Nc6 3. Bc4 Nf6 4. Ng5 d5 5. exd5 Na5 6. Bb5+ c6 7. dxc6 bxc6 8.
Be2 h6 9. Nf3 e4 10. Ne5 Qd5 11. d4 exd3 12. Nxd3 Qxg2 13. Bf3 Qh3 14. b4 Nb7
15. Bxc6+ Nd7 16. Qe2+ Qe6 17. Qxe6+ fxe6 18. Ne5 Rb8 19. Ng6 Rg8 20. a3 Bd6
21. Bf4 Kf7 22. Rg1 e5 23. Bd5+ Kf6 24. Bxg8 exf4 25. Nd2 Nb6 26. Ne4+ Kf5 27.
Nxd6+ Nxd6 28. O-O-O Nbc4 29. Bxc4 Nxc4 30. Rd8 Kf6 31. Nxf4 Nxa3 32. Rg3 Nxc2
33. Rc3 Nxb4 34. Rcxc8 Na2+ 35. Kd2 Rb2+ 36. Rc2 1-0

[Event "59581 I. Budapest Open"]
[Site "Budapest, Hungary"]
[Date "2011.08.20"]
[Round "1.4"]
[White "Kozak, Adam"]
[Black "Schubert, Gyula"]
[Result "1-0"]
[WhiteElo "1809"]
[BlackElo "2105"]
[PlyCount "123"]
[EventDate "2011.??.??"]
1. e4 d6 2. d4 Nf6 3. Nc3 g6 4. g3 Bg7 5. Bg2 O-O 6. Nge2 Nbd7 7. h3 c6 8. a4
e5 9. O-O Re8 10. Be3 exd4 11. Nxd4 Nc5 12. f3 Qe7 13. Re1 a5 14. Qd2 Be6 15.
Rad1 Rad8 16. Qf2 Bc8 17. Nde2 Nfd7 18. Rd2 f5 19. Bf4 Ne5 20. Nc1 fxe4 21.
Nxe4 Nxe4 22. Rxe4 Bf5 23. Ree2 Qc7 24. b3 h6 25. g4 Be6 26. Bg3 g5 27. Kh1 Rf8
28. Nd3 Bd5 29. Nxe5 Bxe5 30. c4 Bf7 31. Rd1 Bg6 32. Bxe5 dxe5 33. Rde1 e4 34.
Re3 Rf4 35. Qg3 exf3 36. Rxf3 Rdf8 37. Kh2 Qf7 38. Rfe3 Qc7 39. Re6 Bc2 40.
R1e3 Qb6 41. Rxh6 Qd4 42. Rhe6 Bd1 43. Rg6+ Kf7 44. Rxg5 Bc2 45. Rf3 Ke7 46.
Re3+ Kd7 47. Rge5 Kc7 48. Re7+ Kb6 49. Re2 Bd3 50. Rd2 Qc5 51. Rg7 Qe5 52. Rd7
Bb1 53. Rd1 Qe6 54. c5+ Ka7 55. R7d6 Qe5 56. Rxb1 Qxc5 57. Rd3 Qe5 58. Qe3+
Qxe3 59. Rxe3 Rf2 60. Rbe1 Rb2 61. R1e2 Rb1 62. g5 1-0

[Event "59581 I. Budapest Open"]
[Site "Budapest, Hungary"]
[Date "2011.08.20"]
[Round "1.6"]
[White "Czimer, Jozsef"]
[Black "Farkas, Richard"]
[Result "0-1"]
[WhiteElo "1750"]
[BlackElo "2039"]
[PlyCount "62"]
[EventDate "2011.??.??"]
1. e4 c5 2. Nf3 e6 3. c4 a6 4. Nc3 Qc7 5. d4 cxd4 6. Nxd4 Nf6 7. Be3 b6 8. a3
Bb7 9. f3 Be7 10. Be2 d6 11. O-O Nbd7 12. Rc1 Rc8 13. Qd2 Qb8 14. Rfd1 Bd8 15.
Kh1 Bc7 16. Bg1 O-O 17. b4 Rfe8 18. Nc2 Rcd8 19. Ne3 Ne5 20. Qa2 Ng6 21. g3 h5
22. Bf2 h4 23. gxh4 Nh5 24. Ng2 Re7 25. Qd2 d5 26. Qg5 Nhf4 27. Nxf4 Bxf4 28.
Bg3 Bxg5 29. Bxb8 Bxc1 30. Rxc1 Rxb8 31. cxd5 exd5 0-1

[Event "59581 I. Budapest Open"]
[Site "Budapest, Hungary"]
[Date "2011.08.20"]
[Round "1.7"]
[White "Bodrogi, Laszlo"]
[Black "Mihaly, Zoltan"]
[Result "1-0"]
[WhiteElo "2035"]
[BlackElo "1745"]
[PlyCount "69"]
[EventDate "2011.??.??"]
1. d4 d5 2. c4 c6 3. Nc3 g6 4. Nf3 Bg7 5. e3 Nf6 6. Bd2 Bf5 7. Rc1 O-O 8. Qb3
b6 9. Ne5 Ng4 10. Nxg4 dxc4 11. Bxc4 Bxg4 12. f3 Bc8 13. O-O b5 14. Bd3 Bxd4
15. Nxb5 Be6 16. Qa3 cxb5 17. exd4 Qxd4+ 18. Rf2 Bxa2 19. Bxb5 Be6 20. Qxe7 Qd8
21. Bg5 Qxe7 22. Bxe7 Rc8 23. Rxc8+ Bxc8 24. Rd2 Bb7 25. Rc2 Na6 26. b4 Rc8 27.
Ra2 Rc1+ 28. Kf2 Nc7 29. Rxa7 Rc2+ 30. Kg3 Bd5 31. Bd3 Rc3 32. Bf6 Rxd3 33.
Rxc7 Be6 34. Rb7 Bc8 35. Rb8 1-0

[Event "59581 I. Budapest Open"]
[Site "Budapest, Hungary"]
[Date "2011.08.20"]
[Round "1.8"]
[White "Balla, Attila"]
[Black "Halak, Miklos"]
[Result "0-1"]
[WhiteElo "1722"]
[BlackElo "2033"]
[PlyCount "44"]
[EventDate "2011.??.??"]
1. e4 e5 2. Nf3 Nc6 3. Bc4 Bc5 4. c3 d6 5. d4 exd4 6. cxd4 Bb6 7. d5 Ne5 8.
Nxe5 dxe5 9. Qa4+ Bd7 10. Bb5 Nf6 11. O-O a6 12. Bxd7+ Nxd7 13. Nc3 O-O 14. Kh1
Nc5 15. Qd1 Qh4 16. g3 Qh3 17. Be3 f5 18. Bxc5 Bxc5 19. Qb3 f4 20. Qc4 Rf6 21.
f3 fxg3 22. Qe2 Rh6 0-1

[Event "59581 I. Budapest Open"]
[Site "Budapest, Hungary"]
[Date "2011.08.20"]
[Round "1.9"]
[White "Kalmar, Karoly"]
[Black "Vinnay, Istvan"]
[Result "1/2-1/2"]
[WhiteElo "2023"]
[BlackElo "1720"]
[PlyCount "77"]
[EventDate "2011.??.??"]
1. e4 c5 2. Nc3 Nc6 3. f4 d6 4. Bb5 Bd7 5. Bxc6 Bxc6 6. Nf3 e6 7. O-O Nf6 8. d3
Be7 9. Qe1 O-O 10. Bd2 Qc7 11. Qg3 Nh5 12. Qh3 g6 13. g4 Ng7 14. Rae1 f5 15.
gxf5 exf5 16. e5 Rfe8 17. Re2 a6 18. Rfe1 b5 19. exd6 Qxd6 20. Ne5 Bf6 21. Nd1
Nh5 22. c3 Rad8 23. Nf2 Ng7 24. a3 Qd5 25. d4 cxd4 26. cxd4 Bxe5 27. dxe5 Ne6
28. Be3 Bb7 29. Qg3 Qf3 30. Rc2 Rc8 31. Rec1 Qxg3+ 32. hxg3 Rxc2 33. Rxc2 Rd8
34. Kf1 Rc8 35. Rxc8+ Bxc8 36. Ke2 Kf7 37. Kd3 Ke7 38. b4 Kd7 39. Nd1 1/2-1/2

[Event "59581 I. Budapest Open"]
[Site "Budapest, Hungary"]
[Date "2011.08.20"]
[Round "1.10"]
[White "Falucskai, Istvan Roland"]
[Black "Szatmari, David"]
[Result "0-1"]
[WhiteElo "1715"]
[BlackElo "2021"]
[PlyCount "46"]
[EventDate "2011.??.??"]
1. e4 c5 2. Nf3 d6 3. d4 cxd4 4. Nxd4 Nf6 5. Nc3 a6 6. Be2 Nbd7 7. Be3 b5 8. a4
bxa4 9. f3 Bb7 10. O-O Nb6 11. Nxa4 Nxa4 12. Rxa4 e5 13. Nf5 d5 14. Bg5 Qb6+
15. Kh1 Bc6 16. Ra2 dxe4 17. Nd6+ Ke7 18. Nf5+ Ke8 19. Nd6+ Ke7 20. Bc4 exf3
21. Rxf3 Rd8 22. Rd3 Qf2 23. Rd2 Bxg2# 0-1

[Event "59581 I. Budapest Open"]
[Site "Budapest, Hungary"]
[Date "2011.08.20"]
[Round "1.11"]
[White "Barabas, Attila"]
[Black "Lajtos, Levente"]
[Result "0-1"]
[WhiteElo "2001"]
[BlackElo "1704"]
[PlyCount "86"]
[EventDate "2011.??.??"]
1. d4 d5 2. Nc3 c5 3. Nf3 Nf6 4. Bg5 e6 5. e3 Be7 6. Bb5+ Bd7 7. Qe2 a6 8.
Bxd7+ Nbxd7 9. dxc5 Nxc5 10. O-O Nfe4 11. Bxe7 Nxc3 12. bxc3 Qxe7 13. c4 dxc4
14. Qxc4 Rc8 15. Qg4 O-O 16. Nd4 e5 17. Nf5 Qf6 18. Rab1 b5 19. c4 Na4 20. cxb5
Nc3 21. Rb3 axb5 22. Kh1 Rc4 23. Qf3 Ne4 24. Rxb5 Qa6 25. Ne7+ Kh8 26. Qxf7
Rcc8 27. Qb3 Rxf2 28. Rd1 Rcf8 29. h3 Ng3+ 30. Kh2 Nf1+ 31. Kg1 Qf6 32. Rxf1
Rxg2+ 33. Kxg2 Qxf1+ 34. Kh2 Qe2+ 35. Kg3 Qf2+ 36. Kg4 Qf3+ 37. Kh4 Qf2+ 38.
Kg4 Qg2+ 39. Kh4 g5+ 40. Kh5 Qxh3+ 41. Kxg5 h6+ 42. Kg6 Qg4+ 43. Kxh6 Rf6+ 0-1

[Event "59581 I. Budapest Open"]
[Site "Budapest, Hungary"]
[Date "2011.08.20"]
[Round "1.12"]
[White "Pollak, Andras"]
[Black "Yip, Michael"]
[Result "1/2-1/2"]
[WhiteElo "1700"]
[BlackElo "1982"]
[PlyCount "93"]
[EventDate "2011.??.??"]
1. d4 d6 2. c4 Nf6 3. Nc3 Nbd7 4. Nf3 c6 5. h3 g6 6. e4 e5 7. dxe5 dxe5 8. Be2
Qc7 9. Bg5 Bg7 10. O-O O-O 11. Qc2 Nc5 12. b4 Ne6 13. Rac1 Nxg5 14. Nxg5 h6 15.
Nf3 Nh5 16. Nh2 Nf4 17. Bg4 Ne6 18. Qb2 h5 19. Be2 Nf4 20. Nf3 Re8 21. c5 Be6
22. Ng5 Nxe2+ 23. Qxe2 Bc8 24. Rcd1 Bh6 25. h4 Qe7 26. Rd3 a5 27. a3 axb4 28.
axb4 Bxg5 29. hxg5 Qxg5 30. Rg3 Qf4 31. Qc2 Bg4 32. Ne2 Bxe2 33. Qxe2 Red8 34.
Rf3 Qd2 35. Qc4 Rd7 36. Qb3 Ra2 37. Rb1 Rc2 38. Qa3 Kg7 39. Qa1 Qd4 40. Qa4 Rd2
41. Re1 Qc4 42. Qa1 f6 43. Qa8 Qxb4 44. Ree3 Qxc5 45. Rxf6 Rd1+ 46. Kh2 Qe7 47.
Rxg6+ 1/2-1/2

[Event "59581 I. Budapest Open"]
[Site "Budapest, Hungary"]
[Date "2011.08.20"]
[Round "1.13"]
[White "Szalontay, Mihaly"]
[Black "Farkas, Akos"]
[Result "1-0"]
[WhiteElo "1971"]
[BlackElo "1683"]
[PlyCount "61"]
[EventDate "2011.??.??"]
1. e4 c5 2. c3 d5 3. exd5 Qxd5 4. d4 Nc6 5. Nf3 Nf6 6. Be2 e6 7. O-O Be7 8. Be3
O-O 9. dxc5 Qxd1 10. Rxd1 Ne4 11. b4 a5 12. Nd4 axb4 13. Nxc6 bxc6 14. cxb4 Ba6
15. Bxa6 Rxa6 16. a3 Bf6 17. Ra2 Nc3 18. Nxc3 Bxc3 19. Rc2 Rxa3 20. Bc1 Bxb4
21. Bxa3 Bxa3 22. Ra1 Bb4 23. Kf1 Rd8 24. Ke2 Kf8 25. Ra6 Rd5 26. Rxc6 Ke8 27.
Rc7 Ba5 28. Ra7 Bb4 29. c6 Rd8 30. Rb7 Bd6 31. Rd2 1-0

[Event "59581 I. Budapest Open"]
[Site "Budapest, Hungary"]
[Date "2011.08.20"]
[Round "1.14"]
[White "Nemeth, Jozsef"]
[Black "Krizsany, Laszlo Sr"]
[Result "0-1"]
[WhiteElo "1671"]
[BlackElo "1944"]
[PlyCount "83"]
[EventDate "2011.??.??"]
1. e4 c6 2. d4 d5 3. e5 Bf5 4. Bd3 Bxd3 5. Qxd3 e6 6. Nf3 c5 7. Qb5+ Qd7 8.
Qxd7+ Nxd7 9. c3 Ne7 10. Bf4 h6 11. h4 Nc6 12. Nbd2 a6 13. a3 b5 14. g4 g6 15.
Ke2 c4 16. b3 cxb3 17. Nxb3 Nb6 18. Nbd2 Na4 19. Rhc1 Na5 20. Rc2 Rc8 21. Kd3
Be7 22. g5 hxg5 23. Bxg5 Bxg5 24. hxg5 Rh3 25. Rac1 Nb6 26. Ke2 Nac4 27. Nxc4
Nxc4 28. Ra2 Nb6 29. Rac2 Na4 30. Ke3 Kd7 31. Ke2 Rc4 32. Ke3 Nb6 33. Kf4 Ra4
34. Kg4 Rh8 35. Ra2 Nc4 36. Rca1 Rc8 37. Ng1 Nxe5+ 38. Kf4 Kd6 39. Ke3 Rxc3+
40. Kd2 Rd3+ 41. Ke2 Raxd4 42. Nf3 0-1

[Event "59581 I. Budapest Open"]
[Site "Budapest, Hungary"]
[Date "2011.08.20"]
[Round "1.15"]
[White "Markos, Adam"]
[Black "Toth, Antal"]
[Result "1-0"]
[WhiteElo "1942"]
[BlackElo "1668"]
[PlyCount "75"]
[EventDate "2011.??.??"]
1. e4 c5 2. Nf3 d6 3. d4 cxd4 4. Nxd4 a6 5. Nc3 Nf6 6. Be3 g6 7. f3 Bg7 8. Qd2
h5 9. O-O-O Bd7 10. Bc4 O-O 11. h3 Nc6 12. g4 Rc8 13. Nxc6 Bxc6 14. Bb3 b5 15.
Bh6 a5 16. Qg5 a4 17. Bd5 Bxd5 18. Bxg7 Kxg7 19. Nxd5 Rc5 20. gxh5 Nxh5 21. Qd2
Re8 22. f4 e6 23. Nc3 Qc7 24. Rhf1 a3 25. f5 axb2+ 26. Kxb2 exf5 27. exf5 Qa5
28. Qd4+ Kg8 29. fxg6 fxg6 30. Rg1 Re6 31. a3 Ng7 32. Nd5 Nf5 33. Qd3 Kh7 34.
h4 Nxh4 35. Qh3 Re2 36. Qxh4+ Kg7 37. Rxg6+ Kxg6 38. Qf6+ 1-0

[Event "59581 I. Budapest Open"]
[Site "Budapest, Hungary"]
[Date "2011.08.20"]
[Round "1.16"]
[White "Medve, Mark"]
[Black "Sarkozi, Ferenc"]
[Result "1-0"]
[WhiteElo "1635"]
[BlackElo "1939"]
[PlyCount "91"]
[EventDate "2011.??.??"]
1. d4 Nf6 2. c4 e5 3. dxe5 Ng4 4. Bf4 Nc6 5. Nf3 Bb4+ 6. Nbd2 Qe7 7. e3 Ngxe5
8. Bxe5 Nxe5 9. Nxe5 Qxe5 10. a3 Be7 11. Qc2 Bf6 12. Rb1 O-O 13. Bd3 g6 14. O-O
d6 15. Nf3 Qe7 16. b4 Bg4 17. Nd4 Bg7 18. h3 Bd7 19. Rfc1 c6 20. c5 d5 21. a4
f5 22. Ne2 a6 23. b5 axb5 24. axb5 Ra7 25. bxc6 bxc6 26. Rb6 Rc8 27. Ba6 Rca8
28. Bb7 Ra2 29. Bxa8 Rxc2 30. Rxc2 Be5 31. Bxc6 Bxc6 32. Rxc6 Qb7 33. Rb6 Qa7
34. Rb1 Qa4 35. Rbc1 g5 36. c6 Bc7 37. Nd4 Kf7 38. Nxf5 Qe4 39. Nd4 g4 40. hxg4
Qe5 41. g3 Qe4 42. Nb5 Bxg3 43. fxg3 Qxe3+ 44. Rf2+ Ke7 45. Rc3 Qe1+ 46. Rf1
1-0

[Event "59581 I. Budapest Open"]
[Site "Budapest, Hungary"]
[Date "2011.08.20"]
[Round "1.17"]
[White "Pammer-Zagroczky, Gabor"]
[Black "Matos, Balint"]
[Result "0-1"]
[WhiteElo "1937"]
[BlackElo "1628"]
[PlyCount "62"]
[EventDate "2011.??.??"]
1. e4 c5 2. Nf3 Nc6 3. Bb5 g6 4. d4 Bg7 5. c3 cxd4 6. cxd4 Nf6 7. Nc3 a6 8. Bd3
d6 9. h3 Bd7 10. O-O O-O 11. Be3 e5 12. d5 Ne7 13. a4 b6 14. Qe2 a5 15. Bb5
Bxb5 16. Qxb5 Rb8 17. Nd2 Nd7 18. Nc4 Nc5 19. Rfb1 f5 20. f3 Qc7 21. Bxc5 Qxc5+
22. Qxc5 dxc5 23. d6 Nc6 24. Nd5 Nb4 25. Ndxb6 Rfd8 26. Rd1 Nc2 27. Rac1 Nd4
28. Nd5 Ne2+ 29. Kf2 Nxc1 30. Rxc1 Bf8 31. Nxe5 Rxb2+ 0-1

[Event "59581 I. Budapest Open"]
[Site "Budapest, Hungary"]
[Date "2011.08.20"]
[Round "1.18"]
[White "Krstulovic, Alex"]
[Black "Ruck, Robert"]
[Result "0-1"]
[WhiteElo "1597"]
[BlackElo "1930"]
[PlyCount "118"]
[EventDate "2011.??.??"]
1. d4 d5 2. c4 e6 3. Nc3 Nf6 4. Nf3 Be7 5. Bg5 Nbd7 6. cxd5 exd5 7. e3 h6 8.
Bh4 c6 9. Bd3 O-O 10. O-O Ne4 11. Bxe7 Qxe7 12. Qc2 Ndf6 13. b4 Bf5 14. Rab1
Nxc3 15. Qxc3 Bxd3 16. Qxd3 a6 17. a4 Ne4 18. b5 axb5 19. axb5 Ra3 20. Qc2 Nc3
21. bxc6 Nxb1 22. Rxb1 bxc6 23. Qxc6 Qe4 24. Qb7 Rfa8 25. Ne5 Qxb1+ 26. Qxb1
Ra1 27. Qf1 f6 28. Nd3 Rxf1+ 29. Kxf1 Kf7 30. Nf4 Ra5 31. Ke2 g5 32. Nd3 Kg6
33. g4 Rb5 34. f4 Rb1 35. f5+ Kf7 36. Kf3 Rf1+ 37. Kg3 Ke7 38. Kg2 Rd1 39. Nf2
Rd2 40. Kf3 Kd6 41. h3 Kc6 42. e4 Rxd4 43. Ke3 Ra4 44. exd5+ Kxd5 45. Nd3 Ra3
46. Ke2 Kd4 47. Nf2 Rg3 48. Kd2 Rb3 49. Ke2 Ra3 50. Kd2 Ra2+ 51. Ke1 Ke3 52.
Nd1+ Kf3 53. Nc3 Ra5 54. Kd2 Kg2 55. Ne4 Ra6 56. Nc5 Rc6 57. Ne4 Kxh3 58. Nf2+
Kg3 59. Ke3 Ra6 0-1

[Event "59581 I. Budapest Open"]
[Site "Budapest, Hungary"]
[Date "2011.08.20"]
[Round "1.19"]
[White "Kozma, Gabor"]
[Black "Kokeny, Norbert Adrian"]
[Result "1-0"]
[WhiteElo "1927"]
[BlackElo "1574"]
[PlyCount "73"]
[EventDate "2011.??.??"]
1. e4 e6 2. d4 d5 3. Nc3 Nf6 4. e5 Nfd7 5. f4 c5 6. Nf3 Nc6 7. Be3 a6 8. Be2 b5
9. Qd2 Qb6 10. f5 cxd4 11. fxe6 fxe6 12. Bxd4 Nxd4 13. Nxd4 Nxe5 14. O-O-O Bc5
15. Qf4 Nc6 16. Nf5 exf5 17. Nxd5 Be3+ 18. Nxe3 Qb8 19. Qg5 O-O 20. Bf3 h6 21.
Qh4 Bb7 22. Rd7 Ne5 23. Rxb7 Nxf3 24. Qe7 Qe5 25. gxf3 Rae8 26. Qxe5 Rxe5 27.
Ng2 Rc8 28. Re1 Rec5 29. c3 a5 30. Ree7 b4 31. Nf4 R5c6 32. Rxg7+ Kf8 33. Ng6+
Rxg6 34. Rxg6 bxc3 35. Rxh6 Kg8 36. Ra6 cxb2+ 37. Kxb2 1-0

[Event "59581 I. Budapest Open"]
[Site "Budapest, Hungary"]
[Date "2011.08.20"]
[Round "1.20"]
[White "Moharos, Viktor"]
[Black "Farkas, Laszlo"]
[Result "0-1"]
[WhiteElo "1523"]
[BlackElo "1911"]
[PlyCount "42"]
[EventDate "2011.??.??"]
1. d4 Nf6 2. e3 e6 3. c4 c6 4. a3 b6 5. Nf3 Bb7 6. Be2 Na6 7. O-O Nc7 8. Nc3
Be7 9. Qb3 O-O 10. e4 d5 11. cxd5 cxd5 12. e5 Nd7 13. h3 f6 14. Bf4 fxe5 15.
Bxe5 Nxe5 16. Nxe5 Bd6 17. f4 Qh4 18. Nf3 Qxf4 19. Nd1 Qg3 20. Nf2 Rxf3 21.
Qxf3 Qh2# 0-1

[Event "59581 I. Budapest Open"]
[Site "Budapest, Hungary"]
[Date "2011.08.20"]
[Round "1.21"]
[White "Rajcsanyi, Peter"]
[Black "Horvath, Zoltan"]
[Result "1-0"]
[WhiteElo "1896"]
[BlackElo "1513"]
[PlyCount "107"]
[EventDate "2011.??.??"]
1. e4 e5 2. Nf3 Nc6 3. Bb5 a6 4. Ba4 Nf6 5. O-O b5 6. Bb3 Be7 7. Qe2 O-O 8. c3
d6 9. Rd1 Nb8 10. d3 c5 11. Nbd2 Re8 12. Nf1 Nbd7 13. Ng3 g6 14. Ng5 Nf8 15.
Bxf7+ Kg7 16. Bb3 h6 17. Nf7 Qd7 18. Bxh6+ Kh7 19. Bd2 Ne6 20. Bxe6 Qc7 21. Bb3
Bg4 22. Qe3 Bf8 23. f3 Bc8 24. Ng5+ Kh8 25. h4 c4 26. dxc4 bxc4 27. Ba4 Bd7 28.
Bc2 d5 29. Qe1 d4 30. Rdc1 d3 31. Bd1 Be7 32. b3 Nh7 33. bxc4 Nxg5 34. Bxg5
Bxg5 35. hxg5 Qxc4 36. Bb3 Qc5+ 37. Qf2 Qe7 38. Qe3 Rad8 39. Nf1 Kg7 40. Nd2
Rh8 41. g4 Rh3 42. Kg2 Bxg4 43. Rh1 Rdh8 44. Rxh3 Rxh3 45. Rh1 Rxh1 46. Kxh1
Bh5 47. f4 Be2 48. f5 gxf5 49. exf5 Qb7+ 50. Qe4 Bf3+ 51. Qxf3 Qxf3+ 52. Nxf3
e4 53. Ne1 d2 54. Ng2 1-0

[Event "59581 I. Budapest Open"]
[Site "Budapest, Hungary"]
[Date "2011.08.20"]
[Round "1.22"]
[White "Mihajlova, Diana"]
[Black "Bartuszek, Andras"]
[Result "0-1"]
[WhiteElo "1443"]
[BlackElo "1883"]
[PlyCount "106"]
[EventDate "2011.??.??"]
1. e4 c5 2. c3 d5 3. Bb5+ Bd7 4. Bxd7+ Qxd7 5. e5 Nc6 6. d4 e6 7. Nf3 Nge7 8.
O-O Ng6 9. Ng5 h6 10. Nf3 Be7 11. Be3 c4 12. Qd2 b5 13. a3 Na5 14. Qe2 O-O 15.
Nbd2 Rfc8 16. Kh1 Bf8 17. Ng1 Ne7 18. Bxh6 gxh6 19. Qg4+ Bg7 20. f4 Nf5 21. Rf3
Qe7 22. Rh3 f6 23. Re1 Re8 24. Ndf3 Nb3 25. Nh4 Nxh4 26. Rxh4 f5 27. Qg3 Nd2
28. Qh3 Ne4 29. Re2 a5 30. Nf3 b4 31. Nd2 bxa3 32. Nxe4 a2 33. Re1 dxe4 34. g3
e3 35. Qg2 Rab8 36. Ra1 e2 37. Qxe2 Qb7+ 38. Kg1 Qxb2 39. Rxa2 Qxc3 40. Rd2
Rb1+ 41. Kg2 Reb8 42. Rc2 Qxc2 43. Qxc2 R8b2 44. Qxb2 Rxb2+ 45. Kf3 c3 46. g4
c2 47. gxf5 c1=Q 48. fxe6 Qf1+ 49. Ke4 Qe1+ 50. Kd5 Qxh4 51. f5 Qd8+ 52. Ke4
Rb4 53. f6 Qxd4+ 0-1

[Event "59581 I. Budapest Open"]
[Site "Budapest, Hungary"]
[Date "2011.08.20"]
[Round "1.23"]
[White "Kellerwessel, Ralf"]
[Black "Indig, Akos"]
[Result "1-0"]
[WhiteElo "1863"]
[BlackElo "1373"]
[PlyCount "51"]
[EventDate "2011.??.??"]
1. c4 e5 2. Nc3 Nf6 3. a3 d5 4. cxd5 Nxd5 5. Qc2 Nc6 6. e3 Be6 7. b4 g6 8. Bb2
Bg7 9. Nf3 O-O 10. Be2 f5 11. d3 a6 12. O-O b5 13. Nxd5 Qxd5 14. Ng5 Bd7 15.
Bf3 Qd6 16. Rac1 Rf6 17. Qb3+ Kh8 18. Rc5 Rd8 19. Rfc1 h6 20. Bxc6 Bxc6 21.
Rxc6 Qxd3 22. Qxd3 Rxd3 23. Ne6 g5 24. g3 Rd6 25. Rxd6 cxd6 26. Nxg7 1-0

[Event "59581 I. Budapest Open"]
[Site "Budapest, Hungary"]
[Date "2011.08.20"]
[Round "1.24"]
[White "Karacsonyi, Gellert"]
[Black "Szentgyorgyi, Sandor"]
[Result "0-1"]
[WhiteElo "1269"]
[BlackElo "1862"]
[PlyCount "110"]
[EventDate "2011.??.??"]
1. e4 c5 2. Nf3 Nc6 3. d4 cxd4 4. Nxd4 Qb6 5. Nb3 Nf6 6. Nc3 e6 7. Be3 Qc7 8.
Be2 a6 9. a4 Bb4 10. f3 d5 11. O-O Bxc3 12. bxc3 dxe4 13. fxe4 Nxe4 14. Bf3 Nf6
15. Bf4 Qb6+ 16. Kh1 O-O 17. a5 Qa7 18. Qd6 Rd8 19. Qc7 Rd7 20. Qb6 Nd5 21.
Bxd5 Rxd5 22. Rad1 Qxb6 23. axb6 a5 24. Rfe1 Bd7 25. Rxd5 exd5 26. Nc5 Re8 27.
Rxe8+ Bxe8 28. Nxb7 a4 29. Nc5 a3 30. b7 a2 31. Nb3 f6 32. b8=Q Nxb8 33. Bxb8
Ba4 34. Na1 Kf7 35. Kg1 Ke6 36. Kf1 Kf5 37. Ke2 Ke4 38. Kd2 f5 39. Ke2 g5 40.
g3 h5 41. h4 gxh4 42. gxh4 d4 43. c4 Bxc2 44. c5 d3+ 45. Kd2 Ba4 46. Ke1 f4 47.
Kd2 f3 48. Ba7 f2 49. c6 f1=Q 50. c7 Qd1+ 51. Kc3 Qxa1+ 52. Kb4 Bd7 53. c8=Q
Bxc8 54. Bc5 Qb1+ 55. Ka3 a1=R# 0-1

[Event "59581 I. Budapest Open"]
[Site "Budapest, Hungary"]
[Date "2011.08.21"]
[Round "2.1"]
[White "Farkas, Laszlo"]
[Black "Koczo, Kristof"]
[Result "0-1"]
[WhiteElo "1911"]
[BlackElo "2242"]
[PlyCount "108"]
[EventDate "2011.??.??"]
 
1. d4 d5 2. Nf3 Nf6 3. g3 g6 4. Bg2 Bg7 5. c4 c6 6. Nc3 dxc4 7. Ne5 Ng4 8. Nxg4
Bxg4 9. f3 Be6 10. Be3 Nd7 11. Qd2 Nb6 12. Bf2 Nd5 13. e4 Nb4 14. O-O Nd3 15.
Ne2 Nxf2 16. Rxf2 O-O 17. Rd1 b5 18. Nf4 Bd7 19. Ne2 Qb6 20. f4 Rad8 21. Bf3 f5
22. e5 Be6 23. Kg2 Rd7 24. Nc3 Rfd8 25. d5 cxd5 26. Qd4 Qxd4 27. Rxd4 b4 28.
Na4 Bf7 29. Nc5 Rc7 30. Na6 Rb7 31. Rfd2 b3 32. axb3 Rxb3 33. Bd1 Rb6 34. Nc5
Rc8 35. Na4 Rb4 36. Nc3 e6 37. b3 Bf8 38. bxc4 Rbxc4 39. Ne2 Rxd4 40. Nxd4 Bb4
41. Ra2 a5 42. Ba4 Rc4 43. Nb5 Be8 44. Nd6 Bxa4 45. Rxa4 Rc2+ 46. Kf3 Rc3+ 47.
Ke2 Ra3 48. Rxa3 Bxa3 49. Nb7 a4 50. Nd8 Be7 51. Nxe6 a3 52. Nd4 a2 53. Nc2 Ba3
54. Kd3 Bb2 0-1

[Event "59581 I. Budapest Open"]
[Site "Budapest, Hungary"]
[Date "2011.08.21"]
[Round "2.2"]
[White "Rajcsanyi, Peter"]
[Black "Mester, Attila"]
[Result "1-0"]
[WhiteElo "1896"]
[BlackElo "2119"]
[PlyCount "65"]
[EventDate "2011.??.??"]
 
1. e4 c5 2. Nf3 Nc6 3. Bb5 Qb6 4. Nc3 e6 5. O-O Nge7 6. a4 a6 7. Bc4 Ng6 8. d3
Be7 9. Bd2 O-O 10. Qe1 Qc7 11. a5 d6 12. Na4 Bd7 13. Nb6 Rad8 14. Bc3 Be8 15.
Bb3 Kh8 16. Qd2 Nce5 17. Ng5 h6 18. Nh3 Kh7 19. Qe2 Bc6 20. Ba4 Nd7 21. f4 f5
22. Ng5+ Bxg5 23. fxg5 fxe4 24. Bxc6 Qxc6 25. gxh6 gxh6 26. Nxd7 Rxf1+ 27. Rxf1
Rxd7 28. Rf6 e5 29. Qg4 Rg7 30. Qf5 exd3 31. cxd3 Qd7 32. Qh5 Qe7 33. Qf5 1-0

[Event "59581 I. Budapest Open"]
[Site "Budapest, Hungary"]
[Date "2011.08.21"]
[Round "2.3"]
[White "Bartuszek, Andras"]
[Black "Torok, Tamas Titusz"]
[Result "0-1"]
[WhiteElo "1883"]
[BlackElo "2059"]
[PlyCount "70"]
[EventDate "2011.??.??"]
 
1. e4 d5 2. exd5 c6 3. dxc6 Nxc6 4. Be2 e5 5. Bf3 Bd6 6. d3 Nge7 7. Nc3 O-O 8.
Bd2 Nd4 9. Ne4 Bc7 10. Bb4 Re8 11. Bxe7 Qxe7 12. c3 Nxf3+ 13. gxf3 Be6 14. h4
h6 15. Qa4 f5 16. Ng3 b5 17. Qc2 b4 18. c4 Qf6 19. O-O-O a5 20. N1e2 a4 21. Qb1
Bb6 22. Rh2 Qf7 23. Rg1 Kh8 24. Rhg2 Qa7 25. d4 Bxd4 26. Nxf5 Bxf5 27. Qxf5 Re7
28. Nxd4 Qxd4 29. Rg4 Qxf2 30. Rd1 a3 31. bxa3 Qxa2 32. Qe4 Qxa3+ 33. Kd2 Rd7+
34. Ke2 Qb2+ 35. Ke3 Ra3+ 0-1